Microbiology : (Record no. 58125)

MARC details
000 -LEADER
fixed length control field 01076nam a22002777a 4500
005 - DATE AND TIME OF LATEST TRANSACTION
control field 20220628104637.0
008 - FIXED-LENGTH DATA ELEMENTS--GENERAL INFORMATION
fixed length control field 220523b ||||| |||| 00| 0 eng d
020 ## - INTERNATIONAL STANDARD BOOK NUMBER
International Standard Book Number 978-0-07-110706-8
040 ## - CATALOGING SOURCE
Language of cataloging English
Transcribing agency URS
Description conventions rda
050 ## - LIBRARY OF CONGRESS CALL NUMBER
Classification number QR41.2
Item number .M583 2007
245 ## - TITLE STATEMENT
Title Microbiology :
Remainder of title a human perspective /
Statement of responsibility, etc Eugene W. Nester...[and three others].
250 ## - EDITION STATEMENT
Edition statement Fifth edition
264 ## - PUBLICATION, DISTRIBUTION, ETC. (IMPRINT)
Place of publication, distribution, etc Boston :
Name of publisher, distributor, etc McGraw-Hill,
Date of publication, distribution, etc ©2007
300 ## - PHYSICAL DESCRIPTION
Extent 580 pages :
Other physical details illustrations (some colour) ;
Dimensions 28 cm.
336 ## - CONTENT TYPE
Source rdacontent
Content type term text
Content type code txt
337 ## - MEDIA TYPE
Source rdamedia
Media type term unmediated
Media type code n
338 ## - CARRIER TYPE
Source rdacarrier
Carrier type term volume
Carrier type code nc
504 ## - BIBLIOGRAPHY, ETC. NOTE
Bibliography, etc Includes bibliographical references and indexes.
505 ## - FORMATTED CONTENTS NOTE
Formatted contents note Life and death of microorganism -- The Microbial world -- Microorganisms and humans -- Infectious diseases -- Applied microbiology.
650 #0 - SUBJECT ADDED ENTRY--TOPICAL TERM
9 (RLIN) 1238
Topical term or geographic name as entry element Microbiology.
700 ## - ADDED ENTRY--PERSONAL NAME
9 (RLIN) 1424
Personal name Nester, Eugene W.,
Relator term author.
700 ## - ADDED ENTRY--PERSONAL NAME
9 (RLIN) 1425
Personal name Anderson, Denise G.,
Relator term author.
700 ## - ADDED ENTRY--PERSONAL NAME
9 (RLIN) 1426
Personal name Roberts Jr., C. Evans.,
Relator term author.
700 ## - ADDED ENTRY--PERSONAL NAME
9 (RLIN) 1427
Personal name Nester, Martha T.,
Relator term author.
942 ## - ADDED ENTRY ELEMENTS (KOHA)
Source of classification or shelving scheme Library of Congress Classification
Koha item type Books
Holdings
Withdrawn status Lost status Source of classification or shelving scheme Damaged status Not for loan Collection code Home library Current library Shelving location Date acquired Source of acquisition Total Checkouts Full call number Barcode Date last seen Copy number Koha item type
    Library of Congress Classification     Non-fiction Taytay College Library Taytay College Library Nursing Collection 05/23/2022 Donation   QR41.2 .M583 2007 URSTAY-1694 05/23/2022 1 Foreign Books
    Library of Congress Classification     Non-fiction Taytay College Library Taytay College Library Nursing Collection 05/23/2022 Donation   QR41.2 .M583 2007 URSTAY-1695 06/04/2025 2 Foreign Books
    Library of Congress Classification     Non-fiction Taytay College Library Taytay College Library Nursing Collection 05/23/2022 Donation   QR41.2 .M583 2007 URSTAY-1696 05/23/2022 3 Foreign Books
    Library of Congress Classification     Non-fiction Taytay College Library Taytay College Library Nursing Collection 05/23/2022 Donation   QR41.2 .M583 2007 URSTAY-1697 05/23/2022 4 Foreign Books

University of Rizal System
Email us at univlibservices@urs.edu.ph

Visit our Website www.urs.edu.ph/library